First questions about transport

Bibliographic Details
Main Author: Faulkner, Keith
Format: Book
Published: London : Treasure Press , 1983
Subjects:

MARC

LEADER 00000cam a2200000 7i4500
001 0000058627
005 20160113.0
008 160113
020 |a 978-1850513538 
090 0 0 |a 388   |b FAU 
100 0 |a Faulkner, Keith 
245 1 0 |a First questions about transport   |c Keith Faulkner 
260 |a London :   |b Treasure Press ,   |c 1983 
300 |a 59pg 
650 0 |a Transport 
999 |a 0000153764   |b Book   |c Adult Collection   |e Cawangan Muar